Регионална библиотека "Любен Каравелов" - Русе

Животните в Африка (Запис номер 439129)

MARC детайли
000 -Лидер
Контролно поле с фиксирана дължина 01848aam a2200349 a 4500
003 - Код на организацията, давaща контролен номер
Контролно поле BLK
005 - Дата и час на последна редакция
Контролно поле 20250708124757.0
008 - Елементи от данни с фиксирана дължина
fixed length control field 181012b bu ||||| |||| 00| 0 bu d
020 ## - Международен стандартен номер на книга ISBN
Международен стандартен номер на книга ISBN 978-619-199-624-7
020 ## - Международен стандартен номер на книга ISBN
Международен стандартен номер на книга ISBN 3800083828679
040 ## - Източник на каталожния запис
Идентификатор на билиотеката - собственик на записа BLK
041 ## - Код за език
Код за езика на текст/звукозапис или на отделно заглавие Български
Код за езика КДБФ Български
080 ## - УДК
Текстов определител УДК Систематична (специална) зоология. Вж и 562/569; 57.06
УДК код - определител по УДК 592/599
УДК определител :087.5
УДК - код + определител 592/599:087.5
100 ## - Редна дума - Автор
Автор Прус, Даниела
Авторска отговорност първи автор
R(LIN) 1299
139 ## - Редно поле
Редна дума Прус, Даниела
Авторски знак Прот - П 92
245 ## - Сведения за заглавието
Заглавие Животните в Африка
Подзаглавни данни Енциклопедия за най-малките : С повдигащи се капачета на всяка страница
Редно поле (дума) Даниела Прус; ил. Урсула Велер ; прев. Розалина Палазова
260 ## - Област на издателските данни
Име на издателя, разпространителя и проч. Фют
Година на издаване 2021
Място на издаване, разпространение и проч. София
300 ## - Физическа характеристика
Страници 16 с.
Илюстрации и др. с цв. ил.
Размери/Мащаб 20 см
380 ## - Жанр
Жанр Детска отраслова лит.
490 ## - СЕРИИ (Колекции)
9 (RLIN) 208015
Име на серия Поредица Защо? Какво? Как?
№: серия 32
500 ## - Общи забележки
Забележка Кор. опис.<br/>Ориг. загл.: Wieso? Weshalb? Warum? Tiere in Afrika / Daniela Prusse<br/>Възприетата форма на името на авт. Даниела Прусе е Даниела Прус<br/>Кн. 32 от поредицата Защо? Какво? Как?<br/>Кн. отпеч. на ламиниран картон.
653 #7 - Ключова дума – ненормативна
9 (RLIN) 186633
Ключова дума животни
653 #7 - Ключова дума – ненормативна
9 (RLIN) 184826
Ключова дума детска литература
700 ## - Други автори (авторска отговорност)
9 (RLIN) 599
Лично име Велер, Урсула
Автороска отговорност (Описва отношението между автора и произведението) ил.
700 1# - Други автори (авторска отговорност)
Лично име Палазова, Розалина Борилова
Друга информация Журналист. Преводач от немски език.
9 (RLIN) 105705
852 ## - Местоположение
Форматна сигнатура Цб 310278
Фондова буква Хранилище
856 ## - Електронен адрес и достъп
Инструкция (цена за достъп) 0.00
Права за достъп disable
942 ## - АРТИКУЛИ
Вид на библиотечния материал Книги
Източник на класификационната схема Universal Decimal Classification
Скрит в OPAC Не
Koha issues (borrowed), all copies 99
Периодичен библиозапис Да
944 ## - СЪЗДАВАНЕ И РЕДАКЦИЯ на ЗАПИСА
Създаване/Редакция Създаване
Дата на регистрацията/редакция 2021-12-07
Служител, извършил регистрацията/редакцията 30560
Статус, дата на статуса Геновева Генчева
999 ## - СИСТЕМНИ КОНТРОЛНИ НОМЕРА
Koha biblionumber 439129
Koha biblioitemnumber 439129
999 ## - СИСТЕМНИ КОНТРОЛНИ НОМЕРА
Koha biblioitemnumber 439129
999 ## - СИСТЕМНИ КОНТРОЛНИ НОМЕРА
Koha biblioitemnumber 439129
Наличности
Код за отписване Код за изгубен артикул Източник на класификационната схема Код за повреда Коз за рестрикции Код за отдаване Артикулен № Име на библиотеката - собственик Име на библиотеката, в която се намира в момента Статус (Текущо местоположение) Дата на вписване в системата Местоположение - отдел Цена в лева Систематично азбучна сигнатура Баркод Цена в евро Служебен тип на артикула
  Не е изгубен Universal Decimal Classification Не е повреден само за читалня ползва се в читалня 868261 Регионална библиотека "Любен Каравелов" Русе Регионална библиотека "Любен Каравелов" Русе Хранилище 2022-01-18 Хранилище 10.90 Цб 310278 120000864046 5.57 Книги
  Не е изгубен Universal Decimal Classification Не е повреден без рестрикции заемане за дома 923287 Регионална библиотека "Любен Каравелов" Русе Регионална библиотека "Любен Каравелов" Русе Детски отдел 2023-02-17 Детски отдел 9.72 59/П 92 Д 120000882738 4.97 Книги
  Не е изгубен Universal Decimal Classification Не е повреден без рестрикции заемане за дома 923288 Регионална библиотека "Любен Каравелов" Русе Регионална библиотека "Любен Каравелов" Русе Детски отдел 2023-02-17 Детски отдел 9.72 59/П 92 Д 120000882736 4.97 Книги
  Не е изгубен Universal Decimal Classification Не е повреден без рестрикции заемане за дома 923289 Регионална библиотека "Любен Каравелов" Русе Регионална библиотека "Любен Каравелов" Русе Детски отдел 2023-02-17 Детски отдел 9.72 59/П 92 Д 120000882737 4.97 Книги
  Не е изгубен Universal Decimal Classification Не е повреден без рестрикции заемане за дома 923290 Регионална библиотека "Любен Каравелов" Русе Регионална библиотека "Любен Каравелов" Русе Детски отдел 2023-02-17 Детски отдел 9.72 59/П 92 Д 120000882735 4.97 Книги
  Не е изгубен Universal Decimal Classification Не е повреден без рестрикции заемане за дома 923291 Регионална библиотека "Любен Каравелов" Русе Регионална библиотека "Любен Каравелов" Русе Детски отдел 2023-02-17 Детски отдел 9.72 59/П 92 Д 120000882739 4.97 Книги
Vip Innovations Ltd, Rousse, Bulgaria 2025